<?xml version="1.0" encoding="UTF-8"?>
<collection xmlns="http://www.loc.gov/MARC21/slim">
    <record>
        <controlfield tag="001">179099</controlfield>
        <controlfield tag="005">20160817111952.0</controlfield>
        <datafield tag="022" ind1=" " ind2=" ">
            <subfield code="a">0147-0205</subfield>
        </datafield>
        <datafield tag="024" ind1="7" ind2=" ">
            <subfield code="2">ZDBID</subfield>
            <subfield code="a">PERI:(DE-600)751243-0</subfield>
        </datafield>
        <datafield tag="024" ind1="7" ind2=" ">
            <subfield code="2">ZDBPPN</subfield>
            <subfield code="a">ZDPPN:014066815</subfield>
        </datafield>
        <datafield tag="024" ind1="7" ind2=" ">
            <subfield code="2">OCLC</subfield>
            <subfield code="a">OCLC:3054333</subfield>
        </datafield>
        <datafield tag="024" ind1="7" ind2=" ">
            <subfield code="2">Medline</subfield>
            <subfield code="a">medline:7703003</subfield>
        </datafield>
        <datafield tag="030" ind1=" " ind2=" ">
            <subfield code="a">ENNED</subfield>
        </datafield>
        <datafield tag="030" ind1=" " ind2=" ">
            <subfield code="a">ENNED</subfield>
        </datafield>
        <datafield tag="035" ind1=" " ind2=" ">
            <subfield code="a">PERI:(DE-600)751243-0</subfield>
        </datafield>
        <datafield tag="082" ind1=" " ind2=" ">
            <subfield code="a">610</subfield>
        </datafield>
        <datafield tag="210" ind1="0" ind2=" ">
            <subfield code="2">ZDB</subfield>
            <subfield code="a">Essays Neurochem Neuropharmacol</subfield>
        </datafield>
        <datafield tag="210" ind1="0" ind2=" ">
            <subfield code="2">dnlm</subfield>
            <subfield code="a">Essays Neurochem Neuropharmacol</subfield>
        </datafield>
        <datafield tag="210" ind1="0" ind2=" ">
            <subfield code="2">iso</subfield>
            <subfield code="a">Essays Neurochem Neuropharmacol</subfield>
        </datafield>
        <datafield tag="245" ind1=" " ind2=" ">
            <subfield code="a">Essays in neurochemistry and neuropharmacology</subfield>
            <subfield code="h">print</subfield>
        </datafield>
        <datafield tag="247" ind1=" " ind2=" ">
            <subfield code="2">DE-600</subfield>
            <subfield code="a">Essays in neurochemistry and neuropharmacology</subfield>
        </datafield>
        <datafield tag="260" ind1=" " ind2=" ">
            <subfield code="a">London</subfield>
            <subfield code="b">Wiley</subfield>
        </datafield>
        <datafield tag="380" ind1=" " ind2=" ">
            <subfield code="2">marcgt</subfield>
            <subfield code="a">journal</subfield>
        </datafield>
        <datafield tag="500" ind1=" " ind2=" ">
            <subfield code="a">Automatically generated record. (Updated: 08/2016)</subfield>
        </datafield>
        <datafield tag="909" ind1="C" ind2="O">
            <subfield code="o">oai:juser.fz-juelich.de:274243</subfield>
            <subfield code="p">authority</subfield>
            <subfield code="p">authority:PERI</subfield>
        </datafield>
        <datafield tag="909" ind1="C" ind2="O">
            <subfield code="o">oai:juser.fz-juelich.de:274243</subfield>
        </datafield>
        <datafield tag="915" ind1=" " ind2=" ">
            <subfield code="0">StatID:(DE-HGF)0300</subfield>
            <subfield code="2">StatID</subfield>
            <subfield code="a">DBCoverage</subfield>
            <subfield code="b">Medline</subfield>
        </datafield>
        <datafield tag="980" ind1=" " ind2=" ">
            <subfield code="a">PERI</subfield>
        </datafield>
        <datafield tag="980" ind1=" " ind2=" ">
            <subfield code="a">AUTHORITY</subfield>
        </datafield>
    </record>

    
</collection>